Littératures classiques. Jeux et enjeux des théâtres classiques (XIXe et XXe siècle). Numéro 48 - Printemps 2003. Préface de MARIANE BURY et de GEORGES FORESTIER. Ed. Champion, 2003. Un vol. 16 × 24 de 265 p. (notice n° 1654087)

détails MARC
000 -LEADER
fixed length control field 01840cam a2200157 4500500
005 - DATE AND TIME OF LATEST TRANSACTION
control field 20260208005840.0
041 ## - LANGUAGE CODE
Language code of text/sound track or separate title fre
042 ## - AUTHENTICATION CODE
Authentication code dc
100 10 - MAIN ENTRY--PERSONAL NAME
Personal name Jouanny, Sylvie
Relator term author
245 00 - TITLE STATEMENT
Title Littératures classiques. Jeux et enjeux des théâtres classiques (XIXe et XXe siècle). Numéro 48 - Printemps 2003. Préface de MARIANE BURY et de GEORGES FORESTIER. Ed. Champion, 2003. Un vol. 16 × 24 de 265 p.
260 ## - PUBLICATION, DISTRIBUTION, ETC.
Date of publication, distribution, etc. 2006.<br/>
500 ## - GENERAL NOTE
General note 27
520 ## - SUMMARY, ETC.
Summary, etc. Fougeret de Monbron à la Bastille, et dans ses archives Fougeret de Monbron a séjourné deux fois dans les prisons de Louis XV et notamment à la Bastille du 12 avril au 25 septembre 1755. Sa présence dans la forteresse a donné naissance à un certain nombre de documents dispersés et partiellement reproduits. On propose une mise au point, de nouvelles transcriptions et la publication des derniers inédits. Les archives de la Bastille fournissent des informations sur la vie du prisonnier et permettent de préciser le profil d’un homme de lettres à la singularité très accusée. L’examen plus particulier de la « bibliothèque de voyage » saisie lors de son arrestation donne de précieuses indications pour compléter la bibliographie de l’écrivain cosmopolite, amateur de littérature étrangère et sans doute traducteur de l’anglais. Les archives permettent aussi de dénouer certaines confusions tissées entre la biographie de Fougeret et celle d’un autre prisonnier de la Bastille, Louis-Joseph de La Rochegérault. Il faut rendre à ce dernier La Voie des persécutés régulièrement donné au premier.
786 0# - DATA SOURCE ENTRY
Note Revue d'histoire littéraire de la France | 106 | 1 | 2006-02-01 | p. 167o-236o | 0035-2411
856 41 - ELECTRONIC LOCATION AND ACCESS
Uniform Resource Identifier <a href="https://shs.cairn.info/revue-d-histoire-litteraire-de-la-france-2006-1-page-167o?lang=fr&redirect-ssocas=7080">https://shs.cairn.info/revue-d-histoire-litteraire-de-la-france-2006-1-page-167o?lang=fr&redirect-ssocas=7080</a>

Pas d'exemplaire disponible.

PLUDOC

PLUDOC est la plateforme unique et centralisée de gestion des bibliothèques physiques et numériques de Guinée administré par le CEDUST. Elle est la plus grande base de données de ressources documentaires pour les Étudiants, Enseignants chercheurs et Chercheurs de Guinée.

Adresse

627 919 101/664 919 101

25 boulevard du commerce
Kaloum, Conakry, Guinée

Réseaux sociaux

Powered by Netsen Group @ 2025